00313nam a2200121Ia 4500008004100000041000800041082001600049100001700065245004000082260003400122300002800156365000700184240624s9999 xx 000 0 und d aeng a005.133 DRO aDROZDEK ADAM aDATA STRUCTURES AND ALGORITHMS IN C c2004aSingaporebThomson Asia axviii, : 650 : cm. ; 24 cRS